[Event "NED-chT 9697"]
[Site "Netherlands"]
[Date "1996.??.??"]
[Round "?"]
[White "Booij, Johan"]
[Black "Kouwenhoven, Marisca"]
[Result "1-0"]
[WhiteElo "2290"]
[BlackElo "2120"]
[PlyCount "65"]
[EventDate "1996.??.??"]
[EventType "team"]
[EventRounds "11"]
[EventCountry "NED"]
[SourceTitle "EXT 2000"]
[Source "ChessBase"]
[SourceDate "1999.11.16"]
[SourceVersion "1"]
[SourceVersionDate "1999.11.16"]
[SourceQuality "1"]

1. e4 c5 2. c3 b6 3. d4 Bb7 4. Bd3 e6 5. Nf3 Nc6 6. d5 Nb8 7. c4 d6 8. 0-0 Nf6 9. Nc3 Be7 10. dxe6 fxe6 11. Ng5 Qd7 12. f4 Nc6 13. f5 exf5 14. exf5 Nd4 15. Be3 h6 16. Nh3 Nc6 17. Nf4 0-0-0 18. Ncd5 Ne5 19. h3 Rdg8 20. a4 g5 21. fxg6 Nxd5 22. Nxd5 Bxd5 23. cxd5 Nxd3 24. Qxd3 Rg7 25. Rf7 Rxf7 26. gxf7 Bg5 27. Bxg5 hxg5 28. Qg6 Rf8 29. Rf1 Qe7 30. Rf5 Kd7 31. b3 Kd8 32. Kh2 g4 33. Qxg4 1-0

[Event "NED-chT 9596"]
[Site "Netherlands"]
[Date "1995.??.??"]
[Round "?"]
[White "Booij, Johan"]
[Black "Bertholee, Rob"]
[Result "1-0"]
[WhiteElo "2290"]
[BlackElo "2345"]
[PlyCount "107"]
[EventDate "1995.??.??"]
[EventType "team"]
[EventRounds "9"]
[EventCountry "NED"]
[SourceTitle "EXT 1999"]
[Source "ChessBase"]
[SourceDate "1998.11.16"]
[SourceVersion "1"]
[SourceVersionDate "1998.11.16"]
[SourceQuality "1"]

1. e4 e6 2. d4 d5 3. Nc3 Bb4 4. e5 b6 5. a3 Bf8 6. Nf3 Qd7 7. Bb5 Nc6 8. 0-0 Bb7 9. Re1 Nge7 10. Ne2 0-0-0 11. a4 a6 12. Bd3 Nb4 13. a5 Nec6 14. axb6 cxb6 15. Nf4 Nxd3 16. Qxd3 Kb8 17. Bd2 Rc8 18. Ra2 Be7 19. Nh5 g6 20. Nf6 Qd8 21. c3 h6 22. Bf4 Na5 23. h4 Qc7 24. Qd2 Qc4 25. Rxa5 bxa5 26. Bxh6 Rc7 27. Bg7 Rhc8 28. g4 Bf8 29. Bxf8 Rxf8 30. h5 Rh8 31. h6 a4 32. h7 a3 33. bxa3 Qxc3 34. Qxc3 Rxc3 35. Ng5 Rc7 36. Rb1 Kc8 37. Rb6 Kd8 38. Ng8 Ke8 39. Nf6+ Kf8 40. Kg2 Re7 41. Ng8 Rc7 42. Nf6 Bc8 43. Rd6 Kg7 44. Ng8 Rc4 45. Rd8 Rxd4 46. Kg3 Rc4 47. Re8 Rc7 48. f3 d4 49. Nf6 Rxh7 50. Ngxh7 g5 51. Nxg5 d3 52. Rg8+ Kh6 53. Nxf7+ Rxf7 54. g5# 1-0

[Event "NED-chT"]
[Site "Netherlands"]
[Date "1993.??.??"]
[Round "4"]
[White "Bosboom, Manuel"]
[Black "Booij, Johan"]
[Result "1-0"]
[WhiteElo "2425"]
[BlackElo "2275"]
[PlyCount "75"]
[EventDate "1993.??.??"]
[EventType "team"]
[EventRounds "11"]
[EventCountry "NED"]
[SourceTitle "EXT 1997"]
[Source "ChessBase"]
[SourceDate "1996.11.15"]
[SourceVersion "1"]
[SourceVersionDate "1996.11.15"]
[SourceQuality "1"]

1. c4 e5 2. Nc3 Nf6 3. g3 Bb4 4. Nf3 e4 5. Nd4 Nc6 6. Nc2 Bxc3 7. dxc3 h6 8. Bg2 0-0 9. 0-0 Re8 10. b3 d6 11. h3 Qe7 12. Ne3 Qe5 13. Qe1 Qh5 14. g4 Qg6 15. f4 exf3 16. exf3 Ne5 17. f4 Nd3 18. Qd2 Nc5 19. f5 Qg5 20. b4 Nce4 21. Qe1 Nd7 22. Nd5 Qd8 23. Bxe4 c6 24. Nf4 Nf6 25. Nh5 Nxe4 26. f6 g6 27. Ng7 Re5 28. Bxh6 Be6 29. Bf4 Qxf6 30. Bxe5 Qxe5 31. Nxe6 fxe6 32. Rf3 Rf8 33. Qe3 Rxf3 34. Qxf3 Nxc3 35. Rf1 Ne2+ 36. Kg2 Nd4 37. Qf8+ Kh7 38. Rf7+ 1-0

[Event "Alcobendas op"]
[Site "Alcobendas"]
[Date "1993.??.??"]
[Round "5"]
[White "Matamoros Franco, Carlos S"]
[Black "Booij, Johan"]
[Result "1-0"]
[WhiteElo "2410"]
[BlackElo "2275"]
[PlyCount "85"]
[EventDate "1993.11.??"]
[EventType "swiss"]
[EventRounds "9"]
[EventCountry "ESP"]
[SourceTitle "EXT 1998"]
[Source "ChessBase"]
[SourceDate "1997.11.17"]
[SourceVersion "1"]
[SourceVersionDate "1997.11.17"]
[SourceQuality "1"]

1. d4 Nf6 2. Nf3 g6 3. Nc3 d5 4. Bf4 Bg7 5. e3 c6 6. Be2 Bg4 7. Ne5 Bxe2 8. Qxe2 Nfd7 9. 0-0-0 Qa5 10. e4 Nxe5 11. Bxe5 Bxe5 12. dxe5 e6 13. exd5 cxd5 14. Qb5+ Qxb5 15. Nxb5 Kd7 16. c4 Kc6 17. Nd4+ Kb6 18. cxd5 exd5 19. Nf3 Nc6 20. Rxd5 Rad8 21. Rhd1 Rxd5 22. Rxd5 Rd8 23. Rxd8 Nxd8 24. Ng5 h6 25. Ne4 Kc6 26. Nc3 Kc5 27. Kd2 Kd4 28. Nb5+ Kxe5 29. Nxa7 Ne6 30. Nb5 g5 31. g3 Nc5 32. Ke3 Na4 33. b3 Nb6 34. Nc3 Nd7 35. f4+ gxf4+ 36. gxf4+ Kf5 37. Ne4 b6 38. Kf3 Ke6 39. h3 Kd5 40. Ke3 b5 41. a4 f5 42. Ng3 Ke6 43. Kd4 1-0

[Event "Groningen op"]
[Site "Groningen"]
[Date "1990.??.??"]
[Round "1"]
[White "Fishbein, Alexander"]
[Black "Booij, Johan"]
[Result "1-0"]
[WhiteElo "2470"]
[BlackElo "2290"]
[PlyCount "57"]
[EventDate "1990.??.??"]
[EventType "swiss"]
[EventRounds "9"]
[EventCountry "NED"]
[SourceTitle "CBM 022"]
[Source "ChessBase"]
[SourceDate "1991.06.01"]
[SourceVersion "1"]
[SourceVersionDate "1991.06.01"]
[SourceQuality "1"]

1. e4 c5 2. Nf3 Nc6 3. d4 cxd4 4. Nxd4 Nf6 5. Nc3 d6 6. Be2 g6 7. Nb3 Bg7 8. 0-0 0-0 9. Bg5 Be6 10. f4 b5 11. Bf3 Rc8 12. Kh1 Bc4 13. Re1 Nd7 14. Bg4 Bxc3 15. bxc3 Rc7 16. Nd4 Nc5 17. Qf3 Nxd4 18. cxd4 Ne6 19. Bh6 Nxd4 20. Qf2 Ne6 21. Bxe6 Bxe6 22. f5 Bc4 23. Qd4 f6 24. Bxf8 Kxf8 25. e5 fxe5 26. Rxe5 Qd7 27. Re3 gxf5 28. Qh8+ Bg8 29. Rg3 1-0

[Event "Groningen Casino op"]
[Site "Groningen"]
[Date "1988.12.27"]
[Round "6"]
[White "Booij, Johan"]
[Black "Bottema, Tom"]
[Result "0-1"]
[WhiteElo "2295"]
[BlackElo "2240"]
[PlyCount "76"]
[EventDate "1988.12.21"]
[EventType "swiss"]
[EventRounds "9"]
[EventCountry "NED"]
[SourceTitle "EXT 1997"]
[Source "ChessBase"]
[SourceDate "1996.11.15"]
[SourceVersion "1"]
[SourceVersionDate "1996.11.15"]
[SourceQuality "1"]

1. e4 c6 2. c4 d5 3. cxd5 cxd5 4. exd5 Qxd5 5. Nc3 Qd6 6. d4 Nf6 7. Nge2 a6 8. g3 e6 9. Bg2 Be7 10. Bf4 Qd8 11. Qb3 Nc6 12. a3 0-0 13. Rd1 Qa5 14. 0-0 Bd8 15. Qa2 Ne7 16. b4 Qf5 17. Bd6 Re8 18. Nf4 Ra7 19. Rfe1 Ng6 20. Nxg6 Qxg6 21. Ne2 b6 22. Nf4 Qg5 23. h4 Qb5 24. a4 Qd7 25. Bb8 Rb7 26. Bxb7 Bxb7 27. Be5 Nd5 28. Nxd5 Bxd5 29. Qc2 Bb7 30. d5 Bxd5 31. Kh2 Be7 32. Qb2 Bf8 33. b5 a5 34. Rc1 Ba8 35. Red1 Bd5 36. Rc7 Qd8 37. Rc2 Bd6 38. Bxg7 Qxh4+ 0-1

[Event "Groningen Casino op"]
[Site "Groningen"]
[Date "1988.12.26"]
[Round "5"]
[White "Van de Oudeweetering, Arthur"]
[Black "Booij, Johan"]
[Result "1/2-1/2"]
[WhiteElo "2325"]
[BlackElo "2295"]
[PlyCount "39"]
[EventDate "1988.12.21"]
[EventType "swiss"]
[EventRounds "9"]
[EventCountry "NED"]
[SourceTitle "EXT 1997"]
[Source "ChessBase"]
[SourceDate "1996.11.15"]
[SourceVersion "1"]
[SourceVersionDate "1996.11.15"]
[SourceQuality "1"]

1. e4 c5 2. c3 Nf6 3. e5 Nd5 4. d4 cxd4 5. Nf3 Nc6 6. Bc4 Nb6 7. Bb3 d5 8. exd6 Qxd6 9. 0-0 Be6 10. Bxe6 Qxe6 11. Nxd4 Nxd4 12. Qxd4 Rd8 13. Qh4 Qc6 14. Nd2 e6 15. Qg4 h5 16. Qe2 Be7 17. Nf3 Qc4 18. Qe5 Bf6 19. Qa5 Qa4 20. Qc5 1/2-1/2

[Event "Groningen Casino op"]
[Site "Groningen"]
[Date "1988.12.23"]
[Round "3"]
[White "Booij, Johan"]
[Black "Serrer, Christoph"]
[Result "1-0"]
[WhiteElo "2295"]
[BlackElo "2270"]
[PlyCount "140"]
[EventDate "1988.12.21"]
[EventType "swiss"]
[EventRounds "9"]
[EventCountry "NED"]
[SourceTitle "EXT 1997"]
[Source "ChessBase"]
[SourceDate "1996.11.15"]
[SourceVersion "1"]
[SourceVersionDate "1996.11.15"]
[SourceQuality "1"]

1. e4 c6 2. d4 d5 3. Nc3 dxe4 4. Nxe4 Bf5 5. Ng3 Bg6 6. h4 h6 7. Nf3 Nd7 8. h5 Bh7 9. Bd3 Bxd3 10. Qxd3 Qc7 11. Rh4 e6 12. Bf4 Qa5+ 13. Bd2 Qc7 14. Bf4 Qa5+ 15. Bd2 Qc7 16. 0-0-0 Ngf6 17. Bf4 Qa5 18. Kb1 Be7 19. Rhh1 0-0-0 20. Qe2 Rhe8 21. c4 c5 22. Ne5 Rf8 23. d5 Nxe5 24. Bxe5 Qb6 25. Bc3 Rfe8 26. Qf3 Rd7 27. dxe6 Rxd1+ 28. Rxd1 Qxe6 29. Re1 Qd7 30. Nf5 Bf8 31. Rxe8+ Nxe8 32. a3 Qe6 33. Qf4 Qe2 34. g4 Qe6 35. a4 Qd7 36. b3 Qd3+ 37. Kb2 Qe2+ 38. Ka3 Qe6 39. f3 Qd7 40. Qe4 Nd6 41. Nxd6+ Bxd6 42. Bxg7 Qd8 43. Qf5+ Kb8 44. g5 Qa5 45. gxh6 Qb4+ 46. Kb2 f6 47. Bxf6 Qd2+ 48. Ka3 b5 49. axb5 Qa5+ 50. Kb2 Qd2+ 51. Kb1 Qe1+ 52. Kb2 Qd2+ 53. Qc2 Qxh6 54. Bc3 Qxh5 55. Qe4 Qh2+ 56. Qc2 Qf4 57. Qe2 Qg3 58. Qe8+ Kb7 59. Qe2 Kb8 60. Ka3 Kb7 61. Qd3 Qh2 62. b4 Kb6 63. Kb3 cxb4 64. Bd4+ Kc7 65. c5 Bg3 66. Kxb4 Be1+ 67. Kb3 Qh5 68. Qe4 Bg3 69. Qe7+ Kc8 70. Qf8+ Kb7 1-0

[Event "Dieren op"]
[Site "Dieren"]
[Date "1988.??.??"]
[Round "4"]
[White "Booij, Johan"]
[Black "Visser, Yge"]
[Result "1-0"]
[WhiteElo "2295"]
[BlackElo "2320"]
[PlyCount "67"]
[EventDate "1988.??.??"]
[EventType "swiss"]
[EventRounds "9"]
[EventCountry "NED"]
[SourceTitle "TD"]
[Source "ChessBase"]
[SourceDate "1994.03.01"]
[SourceVersion "1"]
[SourceVersionDate "1994.03.01"]
[SourceQuality "1"]

1. e4 c5 2. Nf3 e6 3. b3 d6 4. Bb2 Bd7 5. c4 Nc6 6. d4 cxd4 7. Nxd4 Nf6 8. Nc3 Qa5 9. Qd2 Nxd4 10. Qxd4 Bc6 11. Bd3 Rc8 12. 0-0 Be7 13. a4 0-0 14. Nb5 e5 15. Qe3 Ra8 16. Ba3 Rfd8 17. Bc2 Qb6 18. Qe2 a6 19. Nc3 Qc7 20. Rfd1 b6 21. Bb4 Bb7 22. a5 Nd7 23. axb6 Qb8 24. Ba5 Bc6 25. b7 Qxb7 26. Bxd8 Rxd8 27. Rdb1 Nc5 28. b4 Ne6 29. Ba4 Nd4 30. Qd3 Bxa4 31. Rxa4 Rb8 32. Nd5 Bd8 33. Rba1 a5 34. bxa5 1-0

[Event "Dieren op"]
[Site "Dieren"]
[Date "1988.??.??"]
[Round "6"]
[White "Booij, Johan"]
[Black "Westerinen, Heikki MJ"]
[Result "0-1"]
[WhiteElo "2295"]
[BlackElo "2395"]
[PlyCount "74"]
[EventDate "1988.??.??"]
[EventType "swiss"]
[EventRounds "9"]
[EventCountry "NED"]
[SourceTitle "TD"]
[Source "ChessBase"]
[SourceDate "1994.03.01"]
[SourceVersion "1"]
[SourceVersionDate "1994.03.01"]
[SourceQuality "1"]

1. e4 e5 2. Nf3 f5 3. d4 fxe4 4. Nxe5 Nf6 5. Bg5 d6 6. Nc4 Bf5 7. Ne3 Bg6 8. Bc4 Nbd7 9. 0-0 c6 10. Bb3 Qc7 11. c4 Be7 12. Nc3 0-0 13. Bc2 Rae8 14. Qb1 Qb6 15. Rd1 Qa5 16. d5 Nxd5 17. Bxe7 Nxc3 18. bxc3 Rxe7 19. Qxb7 Qc5 20. Qb4 Ref7 21. Rd2 Ne5 22. Re1 Nd3 23. Bxd3 exd3 24. Qxc5 dxc5 25. Ng4 Rf4 26. Ne5 Re8 27. f3 Rxc4 28. Nxc4 Rxe1+ 29. Kf2 Rc1 30. Ne5 Rxc3 31. Ke3 c4 32. Rb2 Kf8 33. Rb4 Rc2 34. Nxc4 Re2+ 35. Kd4 d2 36. Nb2 Bc2 37. Rc4 d1Q+ 0-1

[Event "Dieren op"]
[Site "Dieren"]
[Date "1988.??.??"]
[Round "3"]
[White "Cifuentes Parada, Roberto"]
[Black "Booij, Johan"]
[Result "0-1"]
[WhiteElo "2480"]
[BlackElo "2295"]
[PlyCount "104"]
[EventDate "1988.??.??"]
[EventType "swiss"]
[EventRounds "9"]
[EventCountry "NED"]
[SourceTitle "TD"]
[Source "ChessBase"]
[SourceDate "1994.03.01"]
[SourceVersion "1"]
[SourceVersionDate "1994.03.01"]
[SourceQuality "1"]

1. d4 Nf6 2. c4 g6 3. Nc3 d5 4. Bf4 Bg7 5. Rc1 0-0 6. Nf3 c5 7. dxc5 dxc4 8. Qxd8 Rxd8 9. e3 Na6 10. c6 bxc6 11. Bxc4 Nd5 12. Be5 Nb6 13. Be2 Nb4 14. Bxg7 Kxg7 15. 0-0 Be6 16. b3 c5 17. Ng5 Bf5 18. g4 Bd3 19. a3 Na2 20. Nxa2 Bxe2 21. Rfe1 Bxg4 22. Rxc5 Rd2 23. Nc3 Rc8 24. Rxc8 Bxc8 25. Re2 Rd3 26. Rc2 Bb7 27. Nge4 Bxe4 28. Nxe4 Rxb3 29. Rc7 Rxa3 30. Rxe7 Nc4 31. Rc7 Ne5 32. Kg2 Ra4 33. Nd6 Ra6 34. Nb5 Rb6 35. Nxa7 Rb2 36. Kg3 h5 37. Rc3 Ng4 38. Nc8 Nxf2 39. Rc7 Nh1+ 40. Kh3 Nf2+ 41. Kg3 Nh1+ 42. Kf4 Rxh2 43. e4 Rf2+ 44. Ke3 Rf1 45. e5 h4 46. Nd6 Ng3 47. Ne8+ Kh6 48. Nf6 Rxf6 49. exf6 h3 50. Rxf7 h2 51. Rf8 Kg5 52. Rh8 Kxf6 0-1